|
|
|
|
| LEADER |
00000cam a2200000 i 4500 |
| 001 |
1/27711 |
| 008 |
060405s1971 gr | ||| |||| ||gre|| |
| 035 |
|
|
|l 10083468
|
| 040 |
|
|
|a GR-MyUa
|b gre
|e AACR2
|
| 041 |
1 |
|
|a gre
|h eng
|
| 082 |
7 |
|
|a 889.33
|2 (22)
|
| 100 |
1 |
|
|a Gardner, Erle Stanley,
|d 1889-1970.
|
| 245 |
1 |
2 |
|a Η μυστηριώδης σκιά /
|c Ερλ Στάνλευ Γκάρντνερ ; μετάφραση: Ι. Μοσχονά.
|
| 260 |
|
|
|a Αθήναι :
|b Πάπυρος,
|c c1971.
|
| 300 |
|
|
|a 191 σ. ;
|c 18 εκ.
|
| 490 |
1 |
|
|a (Βίπερ ;
|v 134)
|
| 500 |
|
|
|a Με: Τέσσαρες δίκες στη Θεσσαλονίκη / Γεωργίου Μόδη. - Ο γιός του ήλιου / Τζάκ Λόντον. - Ταξίδι στον τρόμο / Έρικ Άμπλερ.
|
| 500 |
|
|
|a Τίτλος πρωτοτύπου: The case of the shapely shadow.
|
| 650 |
|
0 |
|a Trials (Murder)
|x Fiction.
|
| 650 |
|
0 |
|a Detective and mystery stories.
|
| 650 |
|
0 |
|a Legal stories.
|
| 700 |
1 |
|
|a Μοσχονά, Ι.
|e trlf
|
| 830 |
|
0 |
|a Βίπερ ;
|v 134
|
| 852 |
|
|
|a INST
|b RHODES
|c KRI
|e 20060405
|h 889.33 ΜΟΔ
|p 005400021072
|q 005400021072
|t BK
|y 0
|
| 901 |
|
|
|a BIBL4-2006-1
|
| 970 |
|
|
|a Κόζα
|b Μαρία
|z 2006/04/05
|